Statistics for EU countries with map

Click here to take the quiz!

General Stats

  • This quiz has been taken 109 times
  • The average score is 23 of 27

Answers on the Map

Answers color-coded by a green-red scale on the quiz's map according to % correct below.
 

Answer Stats

Answer% Correct
France
97%
Spain
97%
Germany
95%
Belgium
92%
Italy
92%
Sweden
92%
Luxembourg
91%
Portugal
91%
Finland
89%
Ireland
89%
Netherlands
89%
Poland
88%
Denmark
86%
Greece
86%
Austria
85%
Czech Republic
83%
Hungary
83%
Romania
82%
Slovakia
82%
Croatia
80%
Slovenia
80%
Lithuania
79%
Estonia
77%
Latvia
77%
Bulgaria
73%
Malta
71%
Cyprus
45%

Score Distribution

Percentile by Number Answered

Percent of People with Each Score

Your Score History

You have not taken this quiz